000 00264nam a22001217a 4500
008 180104b xxu||||| |||| 00| 0 eng d
041 _aeng
080 _a76
100 _a45
101 _aMUZ
245 _aMOZART EINE BILDBIGRAPHY
_cHOWARD.C
942 _2udc
_cBK
999 _c39778
_d39778